Loading...
| History - American | 0 | 6 | 1 | 0 | 55 | 70 | 112.33 | 0 | 0 | 10.66 | 21.67 |
| Fine Arts - Classical Music | 0 | 4 | 1 | 0 | 35 | 112 | 122.25 | 0 | 0 | 0.00 | 0.00 |
| Current Events | 0 | 3 | 0 | 0 | 30 | 94 | 106.67 | 0 | 0 | 14.38 | 36.67 |
| History - World | 0 | 3 | 0 | 0 | 30 | 80 | 93.67 | 1 | 2 | 10.55 | 13.33 |
| Science - Other | 0 | 3 | 1 | 0 | 25 | 117 | 119.33 | 0 | 0 | 1.30 | 3.33 |
| History - European | 0 | 3 | 1 | 0 | 25 | 50 | 103.00 | 0 | 2 | 12.82 | 16.67 |
| Geography | 0 | 2 | 0 | 1 | 20 | 132 | 134.00 | 0 | 0 | 9.95 | 21.67 |
| History - Other | 0 | 2 | 0 | 0 | 20 | 57 | 72.50 | 1 | 2 | 0.00 | 0.00 |
| Religion | 0 | 2 | 0 | 0 | 20 | 104 | 113.00 | 0 | 0 | 3.32 | 6.67 |
| Science - Biology | 0 | 2 | 0 | 0 | 20 | 49 | 92.00 | 0 | 0 | 0.00 | 0.00 |
| Other Academic | 0 | 1 | 0 | 0 | 10 | 132 | 132.00 | 0 | 0 | 1.39 | 6.67 |
| Fine Arts - Other | 0 | 1 | 0 | 0 | 10 | 107 | 107.00 | 0 | 1 | 3.27 | 8.33 |
| Literature - British | 0 | 1 | 0 | 1 | 10 | 158 | 158.00 | 0 | 0 | 0.00 | 0.00 |
| Philosophy | 0 | 1 | 0 | 0 | 10 | 115 | 115.00 | 0 | 0 | 0.06 | 1.67 |
| Science - Chemistry | 0 | 0 | 0 | 0 | 0 | 0.00 | 0 | 0 | 2.90 | 5.00 | |
| Social Science | 0 | 0 | 1 | 0 | -5 | 0.00 | 0 | 0 | 3.60 | 10.00 | |
| Fine Arts - Painting & Sculpture | 0 | 0 | 1 | 0 | -5 | 0.00 | 0 | 0 | 0.00 | 0.00 |